[Event "3rd ch-GER Internet Blitz Candidates"]
[Site "playchess INT"]
[Date "2005.04.02"]
[Round "1"]
[White "Margoline, B."]
[Black "Buchenthal, D."]
[Result "1-0"]
[WhiteElo "2427"]
[BlackElo "2258"]
[PlyCount "37"]
[EventDate "2005.04.02"]
[EventType "swiss (blitz)"]
[EventRounds "15"]
[Source "Mark Crowther"]
[SourceDate "2005.04.04"]

1. e4 c5 2. Nf3 Nc6 3. Bb5 g6 4. c3 Bg7 5. d4 cxd4 6. cxd4 Nf6 7. Nc3 O-O 8. d5
Nb8 9. e5 Ng4 10. Bf4 d6 11. Qe2 a6 12. Bd3 dxe5 13. Nxe5 Nxe5 14. Bxe5 Bxe5
15. Qxe5 Nd7 16. Qg5 Nc5 17. Bc2 e6 18. Qxd8 Re8 19. Qxe8+ 1-0

[Event "3rd ch-GER Internet Blitz Candidates"]
[Site "playchess INT"]
[Date "2005.04.02"]
[Round "1"]
[White "Reich, T."]
[Black "Polaczek, R."]
[Result "1-0"]
[WhiteElo "2406"]
[BlackElo "2426"]
[PlyCount "35"]
[EventDate "2005.04.02"]
[EventType "swiss (blitz)"]
[EventRounds "15"]
[Source "Mark Crowther"]
[SourceDate "2005.04.04"]

1. d4 d5 2. c4 c6 3. Nf3 Nf6 4. Nbd2 Bf5 5. e3 h6 6. Qb3 Qb6 7. c5 Qxb3 8. axb3
e6 9. b4 Be7 10. b5 O-O 11. b4 Ne4 12. Nxe4 Bxe4 13. Nd2 Bg6 14. Nb3 b6 15.
cxb6 Bxb4+ 16. Bd2 Bxd2+ 17. Kxd2 a5 18. bxa6 1-0

[Event "3rd ch-GER Internet Blitz Candidates"]
[Site "playchess INT"]
[Date "2005.04.02"]
[Round "1"]
[White "Junge, Ka"]
[Black "Schoeneberg, M."]
[Result "1-0"]
[WhiteElo "2256"]
[BlackElo "2326"]
[PlyCount "61"]
[EventDate "2005.04.02"]
[EventType "swiss (blitz)"]
[EventRounds "15"]
[Source "Mark Crowther"]
[SourceDate "2005.04.04"]

1. Nf3 c5 2. g3 g6 3. Bg2 Bg7 4. O-O Nc6 5. c3 e6 6. d3 Nge7 7. e4 O-O 8. Be3
b6 9. d4 cxd4 10. cxd4 d5 11. e5 Nf5 12. Nc3 Nxe3 13. fxe3 Ba6 14. Re1 Rc8 15.
Qd2 b5 16. Bf1 Qb6 17. Rac1 h6 18. b3 Kh7 19. e4 Nxe5 20. Nxe5 Bxe5 21. Rcd1
Qxd4+ 22. Qxd4 Bxd4+ 23. Rxd4 Rxc3 24. exd5 exd5 25. Rxd5 Kg7 26. Bxb5 Bxb5 27.
Rxb5 Rd8 28. Rb7 Rd2 29. Rf1 Rcc2 30. Rbxf7+ Kg8 31. Rf8+ 1-0

[Event "3rd ch-GER Internet Blitz Candidates"]
[Site "playchess INT"]
[Date "2005.04.02"]
[Round "1"]
[White "Enzmann, S."]
[Black "Buchenau, F."]
[Result "0-1"]
[WhiteElo "2204"]
[BlackElo "2345"]
[PlyCount "68"]
[EventDate "2005.04.02"]
[EventType "swiss (blitz)"]
[EventRounds "15"]
[Source "Mark Crowther"]
[SourceDate "2005.04.04"]

1. Nf3 Nf6 2. g3 b6 3. Bg2 Bb7 4. O-O e6 5. d3 c5 6. c4 Be7 7. Nc3 O-O 8. Bf4
d5 9. cxd5 Nxd5 10. Nxd5 Qxd5 11. Qc2 Nc6 12. e3 Nb4 13. Qa4 Bc6 14. Qa3 Nc2
15. Qc3 Nxa1 16. Rxa1 Bf6 17. Qc2 Rfd8 18. Rd1 e5 19. e4 Qe6 20. Bg5 Bxg5 21.
Nxg5 Qxa2 22. Qe2 h6 23. Nf3 Qe6 24. Nh4 g6 25. Qe3 Kg7 26. g4 Qxg4 27. Nf3 c4
28. Rd2 Rxd3 29. Rxd3 cxd3 30. Nxe5 Qd1+ 31. Bf1 d2 32. Qd4 Kh7 33. Nxc6 Qg4+
34. Kh1 d1=Q 0-1

[Event "3rd ch-GER Internet Blitz Candidates"]
[Site "playchess INT"]
[Date "2005.04.02"]
[Round "1"]
[White "Hoffmann, L."]
[Black "Drabke, L."]
[Result "0-1"]
[WhiteElo "2157"]
[BlackElo "2456"]
[PlyCount "54"]
[EventDate "2005.04.02"]
[EventType "swiss (blitz)"]
[EventRounds "15"]
[Source "Mark Crowther"]
[SourceDate "2005.04.04"]

1. e4 c5 2. Nf3 e6 3. c3 Nf6 4. Bd3 d5 5. exd5 Nxd5 6. Bc2 Nc6 7. O-O Be7 8. d4
O-O 9. Re1 b6 10. dxc5 Bxc5 11. Nbd2 Bb7 12. Ne4 Be7 13. Bg5 f6 14. Bh4 Nf4 15.
Bg3 e5 16. Bxf4 exf4 17. Bb3+ Kh8 18. h4 Qc8 19. Nd6 Bxd6 20. Qxd6 Qg4 21. Qe6
Qh5 22. Qd7 Rab8 23. Bd5 Rfd8 24. Qf7 Rxd5 25. Qc7 Rdd8 26. Re7 Nxe7 27. Qxe7
Bxf3 0-1

[Event "3rd ch-GER Internet Blitz Candidates"]
[Site "playchess INT"]
[Date "2005.04.02"]
[Round "1"]
[White "Feuerstack, A."]
[Black "Seel, C."]
[Result "1-0"]
[WhiteElo "2224"]
[BlackElo "2477"]
[PlyCount "43"]
[EventDate "2005.04.02"]
[EventType "swiss (blitz)"]
[EventRounds "15"]
[Source "Mark Crowther"]
[SourceDate "2005.04.04"]

1. e4 e5 2. Bc4 Nf6 3. d3 Nc6 4. Nc3 Bc5 5. f4 d6 6. Nf3 Bg4 7. h3 Bxf3 8. Qxf3
Nd4 9. Qg3 Nxc2+ 10. Kd1 Nxa1 11. Qxg7 Rf8 12. fxe5 dxe5 13. Bg5 Be7 14. Rf1 c6
15. Bxf6 b5 16. Nxb5 Bxf6 17. Rxf6 cxb5 18. Bxf7+ Kd7 19. Bd5+ Qe7 20. Bc6+ Kd8
21. Rxf8+ Kc7 22. Qxe7+ 1-0

[Event "3rd ch-GER Internet Blitz Candidates"]
[Site "playchess INT"]
[Date "2005.04.02"]
[Round "1"]
[White "Muse, D."]
[Black "Gramlich, S."]
[Result "0-1"]
[WhiteElo "2418"]
[BlackElo "2064"]
[PlyCount "80"]
[EventDate "2005.04.02"]
[EventType "swiss (blitz)"]
[EventRounds "15"]
[Source "Mark Crowther"]
[SourceDate "2005.04.04"]

1. d4 d5 2. Nf3 Nc6 3. e3 Bg4 4. Be2 Qd7 5. Nbd2 f6 6. h3 Bh5 7. c4 e6 8. O-O
Nge7 9. b3 O-O-O 10. Bb2 g5 11. Ne1 Bxe2 12. Qxe2 h5 13. Nd3 Nf5 14. cxd5 exd5
15. Rfc1 Kb8 16. b4 g4 17. h4 g3 18. b5 Nce7 19. Nc5 Qe8 20. Ne6 Rd7 21. Nxf8
Rxf8 22. e4 Nxh4 23. fxg3 Nhg6 24. Nf3 Rg8 25. exd5 Rxd5 26. Rc5 Qd7 27. Rac1
Rxc5 28. dxc5 h4 29. c6 Qg4 30. Nd4 Qxe2 31. Nxe2 hxg3 32. Bxf6 Nd5 33. Bd4
Ngf4 34. Kf1 Rf8 35. Bc5 Rh8 36. Nxf4 Nxf4 37. Ke1 Nd3+ 38. Kd2 Nxc1 39. Kxc1
Rh2 40. b6 axb6 0-1

[Event "3rd ch-GER Internet Blitz Candidates"]
[Site "playchess INT"]
[Date "2005.04.02"]
[Round "1"]
[White "Boettcher, C."]
[Black "Huch, R."]
[Result "0-1"]
[WhiteElo "2166"]
[BlackElo "2325"]
[PlyCount "72"]
[EventDate "2005.04.02"]
[EventType "swiss (blitz)"]
[EventRounds "15"]
[Source "Mark Crowther"]
[SourceDate "2005.04.04"]

1. e4 e6 2. d3 d5 3. Nd2 Nf6 4. g3 dxe4 5. dxe4 e5 6. Bg2 Bc5 7. Ngf3 Nc6 8. c3
a5 9. Qe2 O-O 10. O-O b6 11. b3 Ba6 12. c4 a4 13. Rb1 axb3 14. axb3 Qe7 15. Bb2
Bc8 16. Ra1 Bd7 17. Rxa8 Rxa8 18. Ra1 Rxa1+ 19. Bxa1 Bg4 20. Qd3 Nd7 21. Bc3
Be6 22. Nf1 f6 23. Ne3 Bxe3 24. Qxe3 Qa3 25. Nd2 Qc1+ 26. Nf1 Qc2 27. Ba1 Nc5
28. f4 Qxb3 29. Qd2 Qxc4 30. Ne3 Qd3 31. Qe1 exf4 32. gxf4 Nd4 33. Nd5 Ne2+ 34.
Kh1 Nxe4 35. Nxc7 Bh3 36. Qf1 N2g3+ 0-1

[Event "3rd ch-GER Internet Blitz Candidates"]
[Site "playchess INT"]
[Date "2005.04.02"]
[Round "1"]
[White "Brener, I."]
[Black "Rachut, S."]
[Result "1-0"]
[WhiteElo "2321"]
[BlackElo "2068"]
[PlyCount "83"]
[EventDate "2005.04.02"]
[EventType "swiss (blitz)"]
[EventRounds "15"]
[Source "Mark Crowther"]
[SourceDate "2005.04.04"]

1. e4 c5 2. Nf3 d6 3. d4 cxd4 4. Nxd4 Nf6 5. Nc3 a6 6. Bg5 e6 7. f4 Bd7 8. Qf3
Nc6 9. O-O-O Qb6 10. Nb3 O-O-O 11. Bxf6 gxf6 12. Bd3 Kb8 13. Rhe1 Nb4 14. Kb1
Rc8 15. e5 Nxd3 16. Qxd3 fxe5 17. fxe5 d5 18. g4 Bb4 19. g5 a5 20. Qd4 Qc7 21.
Rd3 Qc4 22. Rf1 Be8 23. Rf4 Qxd4 24. Nxd4 Rg8 25. h4 Rc4 26. a3 Bxc3 27. Rxc3
Rxc3 28. bxc3 Kc7 29. Rf6 Kd8 30. Rh6 Rg7 31. Kb2 Ke7 32. Kb3 Bd7 33. c4 dxc4+
34. Kxc4 Kd8 35. Kc5 Kc7 36. Nb5+ Bxb5 37. Kxb5 b6 38. c4 Kb7 39. a4 Kc7 40.
Rf6 Kb7 41. c5 bxc5 42. Kxc5 1-0

[Event "3rd ch-GER Internet Blitz Candidates"]
[Site "playchess INT"]
[Date "2005.04.02"]
[Round "1"]
[White "Phildius, B."]
[Black "Wornath, K."]
[Result "1-0"]
[WhiteElo "2312"]
[BlackElo "2388"]
[PlyCount "117"]
[EventDate "2005.04.02"]
[EventType "swiss (blitz)"]
[EventRounds "15"]
[Source "Mark Crowther"]
[SourceDate "2005.04.04"]

1. d4 Nf6 2. c3 g6 3. Bg5 Bg7 4. Nd2 d5 5. e3 h6 6. Bh4 c6 7. Bd3 O-O 8. f4 Bg4
9. Ngf3 Qb6 10. Rb1 Nbd7 11. h3 Bxf3 12. Nxf3 Rfe8 13. O-O Ne4 14. Bxe4 dxe4
15. Nd2 f5 16. Qb3+ Qxb3 17. axb3 c5 18. Ra1 a6 19. Ra5 Rac8 20. Rfa1 Kf7 21.
Nc4 Rc6 22. Rd1 cxd4 23. exd4 Nb6 24. Ne3 e6 25. Rc5 Nd5 26. Nxd5 exd5 27. Rxd5
Rc7 28. Kf1 Re6 29. Ke2 Rb6 30. b4 Bf6 31. Bxf6 Kxf6 32. Rc5 Rbc6 33. Ke3 g5
34. Rf1 gxf4+ 35. Rxf4 Rxc5 36. bxc5 Rg7 37. g4 Rg5 38. gxf5 Rxf5 39. Kxe4
Rxf4+ 40. Kxf4 Ke6 41. Ke4 a5 42. d5+ Kf6 43. c4 a4 44. h4 h5 45. Kf4 Ke7 46.
Ke5 Kd7 47. Kf6 b6 48. cxb6 a3 49. bxa3 Kd6 50. Kg5 Kc5 51. b7 Kd6 52. b8=Q+
Kc5 53. d6 Kc6 54. d7 Kc5 55. d8=Q Kxc4 56. Qbc7+ Kb3 57. Qd3+ Ka2 58. Qcc2+
Ka1 59. Qdd1# 1-0

[Event "3rd ch-GER Internet Blitz Candidates"]
[Site "playchess INT"]
[Date "2005.04.02"]
[Round "1"]
[White "Heimann, A."]
[Black "Schmidt, Ha"]
[Result "0-1"]
[WhiteElo "2095"]
[BlackElo "2368"]
[PlyCount "98"]
[EventDate "2005.04.02"]
[EventType "swiss (blitz)"]
[EventRounds "15"]
[Source "Mark Crowther"]
[SourceDate "2005.04.04"]

1. e4 c5 2. Nc3 d6 3. Nge2 g6 4. d4 cxd4 5. Nxd4 Bg7 6. Be3 Nf6 7. f3 O-O 8.
Qd2 Re8 9. O-O-O Nc6 10. g4 Qa5 11. h4 h5 12. gxh5 Nxh5 13. Rg1 Bd7 14. Kb1
Rac8 15. Nd5 Qxd2 16. Rxd2 e6 17. Nxc6 bxc6 18. Nf4 Nxf4 19. Bxf4 e5 20. Be3 d5
21. h5 d4 22. hxg6 Be6 23. gxf7+ Kxf7 24. Rdg2 Bf6 25. Bg5 Rg8 26. Bxf6 Rxg2
27. Rxg2 Kxf6 28. Bd3 Rh8 29. b3 c5 30. Rf2 Rb8 31. f4 c4 32. Bf1 c3 33. f5 Bf7
34. Rg2 Rh8 35. Rg1 Rh2 36. Bd3 Bh5 37. a4 a5 38. Ka2 Be2 39. Bxe2 Rxe2 40. Ka3
Rxc2 41. b4 axb4+ 42. Kxb4 d3 43. Kb3 Re2 44. a5 c2 45. Kb2 Rxe4 46. Rg3 Rb4+
47. Kc1 Rb1+ 48. Kd2 c1=Q+ 49. Kxd3 Rb3+ 0-1

[Event "3rd ch-GER Internet Blitz Candidates"]
[Site "playchess INT"]
[Date "2005.04.02"]
[Round "1"]
[White "Zwahr, P."]
[Black "Rodewis, T."]
[Result "0-1"]
[WhiteElo "2104"]
[BlackElo "2364"]
[PlyCount "94"]
[EventDate "2005.04.02"]
[EventType "swiss (blitz)"]
[EventRounds "15"]
[Source "Mark Crowther"]
[SourceDate "2005.04.04"]

1. e4 c5 2. Nf3 Nf6 3. Nc3 Nc6 4. d4 d5 5. exd5 Nxd5 6. Nxd5 Qxd5 7. c4 Qe4+ 8.
Be2 cxd4 9. O-O e5 10. Re1 Bb4 11. Bd2 Bxd2 12. Qxd2 Qf5 13. b4 Qf6 14. b5 Ne7
15. Bd3 O-O 16. Nxe5 Be6 17. Rac1 b6 18. a4 Rfd8 19. a5 Bf5 20. Bxf5 Nxf5 21.
Nc6 Rd6 22. Qf4 d3 23. Rcd1 bxa5 24. c5 Rd5 25. Qe4 Qe6 26. Qf3 Qd7 27. g4 Nh4
28. Qxd5 Qxg4+ 29. Kh1 Rf8 30. Rg1 Qa4 31. Rxd3 Ng6 32. Rf3 Qxb5 33. Rfg3 Qe2
34. Nd4 Qd2 35. Qd6 Qxf2 36. Nc6 Qe2 37. Nxa5 Qe4+ 38. R3g2 h5 39. Nc6 h4 40.
Qd4 Qxc6 41. Qd6 Qe4 42. c6 h3 43. c7 hxg2+ 44. Rxg2 Nf4 45. Qd2 Qxg2+ 46. Qxg2
Nxg2 47. Kxg2 Rc8 0-1

[Event "3rd ch-GER Internet Blitz Candidates"]
[Site "playchess INT"]
[Date "2005.04.02"]
[Round "1"]
[White "Kopylov, M."]
[Black "Renner, Christo"]
[Result "1-0"]
[WhiteElo "2430"]
[BlackElo "2398"]
[PlyCount "107"]
[EventDate "2005.04.02"]
[EventType "swiss (blitz)"]
[EventRounds "15"]
[Source "Mark Crowther"]
[SourceDate "2005.04.04"]

1. d4 Nf6 2. c4 e6 3. g3 d5 4. Bg2 c6 5. Nf3 Nbd7 6. O-O dxc4 7. a4 Be7 8. Qc2
O-O 9. Qxc4 a5 10. Nc3 Nd5 11. e4 Nb4 12. Rd1 b6 13. Qb3 Ba6 14. Be3 Rc8 15. h4
h6 16. d5 exd5 17. exd5 cxd5 18. Nxd5 Bc4 19. Nxe7+ Qxe7 20. Qa3 Nc5 21. Nd4
Qf6 22. Rac1 Ncd3 23. Rxc4 Rxc4 24. Rxd3 Nxd3 25. Qxd3 Rxa4 26. Nc6 Re8 27. Qb5
Ra1+ 28. Kh2 Rb1 29. Bd4 Qe6 30. Qxb6 a4 31. Qa5 Qb3 32. Qf5 Qd1 33. Bd5 Qg1+
34. Kh3 Qf1+ 35. Bg2 Qe2 36. Qxb1 Qe6+ 37. Kh2 Qc4 38. Qf5 Qe6 39. Qf4 Qd7 40.
Bc3 Qe6 41. Nd4 Qd7 42. Nf5 f6 43. Qg4 Kh8 44. Qg6 Rf8 45. Be4 Qf7 46. Qg4 Re8
47. Nd6 Qe6 48. Qg6 Rg8 49. Nf7+ Qxf7 50. Qxf7 a3 51. Bxf6 a2 52. Bxg7+ Rxg7
53. Qf8+ Rg8 54. Qxh6# 1-0

[Event "3rd ch-GER Internet Blitz Candidates"]
[Site "playchess INT"]
[Date "2005.04.02"]
[Round "1"]
[White "Womacka, M."]
[Black "Lentrodt, T."]
[Result "1-0"]
[WhiteElo "2436"]
[BlackElo "2292"]
[PlyCount "83"]
[EventDate "2005.04.02"]
[EventType "swiss (blitz)"]
[EventRounds "15"]
[Source "Mark Crowther"]
[SourceDate "2005.04.04"]

1. e4 c5 2. Nf3 e6 3. d4 cxd4 4. Nxd4 a6 5. Bd3 Nf6 6. O-O Qc7 7. Qe2 d6 8. c4
Be7 9. Nc3 O-O 10. b3 Nbd7 11. Bb2 Nc5 12. Bc2 b6 13. f4 Bb7 14. Kh1 g6 15. f5
e5 16. Nf3 Bc6 17. Rae1 Rfb8 18. Qd2 b5 19. Nd5 Nxd5 20. cxd5 Bd7 21. Qh6 Bf8
22. Qh4 Qd8 23. Qg3 Bg7 24. Ng5 Be8 25. h4 h6 26. Nf3 Kh7 27. Qh3 Rb7 28. g4 b4
29. g5 h5 30. Rc1 Bb5 31. Rfe1 Nd3 32. Bxd3 Bxd3 33. Nxe5 Bxe4+ 34. Rxe4 dxe5
35. Qd3 Rd7 36. Rd1 gxf5 37. Rxe5 Bxe5 38. Qxf5+ Kg8 39. Qxe5 f6 40. gxf6 Rf7
41. Qxh5 Rh7 42. Rg1+ 1-0

[Event "3rd ch-GER Internet Blitz Candidates"]
[Site "playchess INT"]
[Date "2005.04.02"]
[Round "1"]
[White "Schunk, T1."]
[Black "Vuckovic, Alek"]
[Result "1-0"]
[WhiteElo "2280"]
[BlackElo "2325"]
[PlyCount "93"]
[EventDate "2005.04.02"]
[EventType "swiss (blitz)"]
[EventRounds "15"]
[Source "Mark Crowther"]
[SourceDate "2005.04.04"]

1. e4 c5 2. Nf3 Nc6 3. Bb5 g6 4. O-O Bg7 5. c3 Nf6 6. Qe2 O-O 7. d4 cxd4 8.
cxd4 d6 9. h3 a6 10. Ba4 b5 11. Bb3 Na5 12. e5 dxe5 13. dxe5 Nd5 14. Bxd5 Qxd5
15. Nc3 Qc6 16. Bg5 Qb7 17. Rfd1 Be6 18. b3 Rac8 19. Rac1 h6 20. Bh4 Nc6 21.
Ne4 Qa7 22. Nc5 Bf5 23. g4 Be6 24. Qe4 Nd8 25. Nxe6 Nxe6 26. Rxc8 Rxc8 27. Nd4
Nxd4 28. Rxd4 Rc1+ 29. Kg2 Qc7 30. Rd5 e6 31. Rd8+ Kh7 32. Rd6 Qc3 33. Bg3 Qa1
34. Rxa6 Rg1+ 35. Kh2 Re1 36. Qf3 Qd4 37. a4 bxa4 38. bxa4 Ra1 39. a5 Qc4 40.
Ra7 Qf1 41. Qg2 Qe1 42. Rxf7 Kg8 43. Re7 Rxa5 44. Qb7 Bf8 45. Rxe6 Qe4 46. Qxe4
Kf7 47. Qxg6# 1-0

[Event "3rd ch-GER Internet Blitz Candidates"]
[Site "playchess INT"]
[Date "2005.04.02"]
[Round "1"]
[White "Koepke, C."]
[Black "Berelovich, A."]
[Result "1-0"]
[WhiteElo "2226"]
[BlackElo "2542"]
[PlyCount "127"]
[EventDate "2005.04.02"]
[EventType "swiss (blitz)"]
[EventRounds "15"]
[Source "Mark Crowther"]
[SourceDate "2005.04.04"]

1. d4 e6 2. g3 c5 3. Nf3 d5 4. Bg2 cxd4 5. Nxd4 Nc6 6. O-O Bc5 7. Nb3 Bb6 8.
N1d2 Nf6 9. c4 O-O 10. cxd5 exd5 11. Nf3 Re8 12. Bg5 h6 13. Bxf6 Qxf6 14. Qxd5
Qxb2 15. e3 Be6 16. Qb5 Rad8 17. Rfb1 Qa3 18. Rd1 Rxd1+ 19. Rxd1 Qxa2 20. Nbd4
Bc4 21. Qf5 Nxd4 22. Nxd4 Bxd4 23. exd4 Qe2 24. Rc1 b5 25. Bc6 Qe6 26. Qxe6
Rxe6 27. d5 Rd6 28. Ra1 Bxd5 29. Bxb5 Rb6 30. Bf1 Rb7 31. h4 Kf8 32. Bg2 Bxg2
33. Kxg2 Ke8 34. Rc1 Kd8 35. Kf3 a5 36. Ra1 Ra7 37. Ke4 a4 38. Kd5 Ke7 39. Kc4
Kf6 40. Kb4 Kf5 41. Ka3 Kg4 42. Ra2 Kf3 43. Rd2 g5 44. hxg5 hxg5 45. Rb2 g4 46.
Rb4 Ra5 47. Rf4+ Kg2 48. Rxf7 Rc5 49. Rf4 Rc3+ 50. Kxa4 Rf3 51. Rxg4 Rxf2 52.
Rg8 Rf3 53. g4 Rg3 54. Kb5 Kh3 55. g5 Kh4 56. g6 Kh5 57. Rh8+ Kg4 58. g7 Kf5
59. g8=Q Rxg8 60. Rxg8 Ke6 61. Rd8 Ke7 62. Rd5 Ke6 63. Kc5 Ke7 64. Kc6 1-0

[Event "3rd ch-GER Internet Blitz Candidates"]
[Site "playchess INT"]
[Date "2005.04.02"]
[Round "1"]
[White "Buscher, M."]
[Black "Fridman, D2."]
[Result "1/2-1/2"]
[WhiteElo "2305"]
[BlackElo "2569"]
[PlyCount "164"]
[EventDate "2005.04.02"]
[EventType "swiss (blitz)"]
[EventRounds "15"]
[Source "Mark Crowther"]
[SourceDate "2005.04.04"]

1. e4 c6 2. d4 d5 3. Nd2 dxe4 4. Nxe4 Bf5 5. Ng3 Bg6 6. h4 h6 7. Nf3 Nd7 8. h5
Bh7 9. Bd3 Bxd3 10. Qxd3 e6 11. Bf4 Ngf6 12. O-O-O Nd5 13. Bd2 Nb4 14. Bxb4
Bxb4 15. Ne4 Qa5 16. Kb1 O-O-O 17. Qe2 Rhe8 18. c3 Bf8 19. c4 Qf5 20. Ka1 Nf6
21. Ng3 Qa5 22. Ne5 Qc7 23. f4 c5 24. dxc5 Bxc5 25. Ne4 Bd4 26. Nxf6 gxf6 27.
Nf3 Bc5 28. g3 Rg8 29. Rxd8+ Qxd8 30. Nd2 Rxg3 31. Nb3 Be3 32. Rd1 Qxd1+ 33.
Qxd1 Rg1 34. Qxg1 Bxg1 35. Nc1 Be3 36. Ne2 Kc7 37. Kb1 Kd6 38. Kc2 f5 39. Kd3
Bf2 40. Nc3 a6 41. Nb1 Be1 42. Na3 f6 43. Nc2 Bf2 44. Ke2 Ba7 45. b4 e5 46. Kf3
Ke6 47. Ne3 a5 48. a3 a4 49. c5 b6 50. c6 b5 51. c7 e4+ 52. Ke2 Kd7 53. Nxf5
Kxc7 54. Nxh6 Kd7 55. f5 Ke7 56. Ng4 Kf7 57. h6 Bd4 58. Ne3 Kg8 59. Nc2 Bb2 60.
Ke3 Kh7 61. Kxe4 Kxh6 62. Kd5 Kg5 63. Kc6 Kxf5 64. Kxb5 Ke4 65. Kxa4 f5 66. Kb3
Bc1 67. a4 f4 68. Ne1 f3 69. Nxf3 Kxf3 70. b5 Ke4 71. Kc4 Bd2 72. b6 Ke5 73.
Kb5 Kd6 74. a5 Kd7 75. a6 Kc8 76. Kc6 Kb8 77. a7+ Ka8 78. Kc7 Bf4+ 79. Kc8 Bg3
80. Kd7 Kb7 81. a8=Q+ Kxa8 82. b7+ Kxb7 1/2-1/2

[Event "3rd ch-GER Internet Blitz Candidates"]
[Site "playchess INT"]
[Date "2005.04.02"]
[Round "1"]
[White "Krivoshey, S."]
[Black "Heyken, E."]
[Result "0-1"]
[WhiteElo "2487"]
[BlackElo "2331"]
[PlyCount "112"]
[EventDate "2005.04.02"]
[EventType "swiss (blitz)"]
[EventRounds "15"]
[Source "Mark Crowther"]
[SourceDate "2005.04.04"]

1. Nf3 d5 2. d4 Nf6 3. c4 e6 4. Nc3 Nbd7 5. cxd5 exd5 6. Bf4 Bb4 7. Rc1 c5 8.
e3 Qa5 9. Bd3 Qxa2 10. O-O Bxc3 11. bxc3 c4 12. Bf5 O-O 13. Bd6 Re8 14. Nd2 Qa6
15. Bb4 Nf8 16. Ra1 Qc6 17. Bc2 b5 18. Re1 Ng6 19. f3 Bb7 20. Nf1 a6 21. Ng3
Nh4 22. e4 dxe4 23. fxe4 Qe6 24. Qd2 Qg4 25. d5 Nh5 26. Bd1 Qf4 27. Qf2 Qxf2+
28. Kxf2 Nf4 29. Bc2 Nhxg2 30. Rg1 Nh4 31. Bc5 Rad8 32. Bd4 Nh3+ 33. Ke3 Nxg1
34. Rxg1 g6 35. Kf2 Bxd5 36. exd5 Rxd5 37. Be4 Rd6 38. Re1 b4 39. Rb1 b3 40.
Rb2 f5 41. Bh1 a5 42. Bc5 Rde6 43. Ba3 Re3 44. Rd2 Rxc3 45. Bd5+ Kg7 46. Bb2
Ree3 47. Nf1 f4 48. Rd1 Kh6 49. Nxe3 Rxe3 50. Bc1 Rd3 51. Bxf4+ g5 52. Rxd3
cxd3 53. Bc1 d2 54. Bxd2 a4 55. Be4 Ng6 56. Bc3 Nf4 0-1

[Event "3rd ch-GER Internet Blitz Candidates"]
[Site "playchess INT"]
[Date "2005.04.02"]
[Round "2"]
[White "Buchenthal, D."]
[Black "Enzmann, S."]
[Result "0-1"]
[WhiteElo "2258"]
[BlackElo "2204"]
[PlyCount "44"]
[EventDate "2005.04.02"]
[EventType "swiss (blitz)"]
[EventRounds "15"]
[Source "Mark Crowther"]
[SourceDate "2005.04.04"]

1. e4 c5 2. Nf3 Nc6 3. d4 cxd4 4. Nxd4 Qb6 5. Nb3 Nf6 6. Be3 Qc7 7. Nc3 a6 8.
Be2 e6 9. a3 Be7 10. O-O d6 11. f4 O-O 12. Bf3 b5 13. Kh1 Bb7 14. e5 dxe5 15.
fxe5 Qxe5 16. Qe1 Bd6 17. Qh4 Qxe3 18. Rae1 Qb6 19. Ne4 Be7 20. Qg3 Rad8 21.
Re2 Nxe4 22. Bxe4 Nd4 0-1

[Event "3rd ch-GER Internet Blitz Candidates"]
[Site "playchess INT"]
[Date "2005.04.02"]
[Round "2"]
[White "Vuckovic, Alek"]
[Black "Boettcher, C."]
[Result "1-0"]
[WhiteElo "2325"]
[BlackElo "2166"]
[PlyCount "77"]
[EventDate "2005.04.02"]
[EventType "swiss (blitz)"]
[EventRounds "15"]
[Source "Mark Crowther"]
[SourceDate "2005.04.04"]

1. e4 d6 2. d4 Nd7 3. Nc3 g6 4. f4 Bg7 5. Nf3 e5 6. fxe5 dxe5 7. d5 Qe7 8. Bd3
Ngf6 9. Qe2 O-O 10. O-O h6 11. Kh1 Kh7 12. Be3 Nc5 13. a3 Nxd3 14. cxd3 Nh5 15.
Rac1 Nf4 16. Bxf4 exf4 17. d4 g5 18. e5 Bf5 19. Ne4 Rac8 20. Nfd2 Bg6 21. Qb5
Rb8 22. Qc5 Qxc5 23. Rxc5 Rfd8 24. d6 cxd6 25. Nxd6 Rd7 26. Rfc1 f6 27. Rc7
Rbd8 28. Rxd7 Rxd7 29. N2c4 fxe5 30. dxe5 Re7 31. Re1 Bd3 32. a4 Kg6 33. h3
Bxc4 34. Nxc4 Kf5 35. Nd6+ Ke6 36. Nc8 Rc7 37. Nxa7 Bxe5 38. Nb5 Rc2 39. Nd4+
1-0

[Event "3rd ch-GER Internet Blitz Candidates"]
[Site "playchess INT"]
[Date "2005.04.02"]
[Round "2"]
[White "Margoline, B."]
[Black "Zimmermann, J."]
[Result "1-0"]
[WhiteElo "2427"]
[BlackElo "2335"]
[PlyCount "85"]
[EventDate "2005.04.02"]
[EventType "swiss (blitz)"]
[EventRounds "15"]
[Source "Mark Crowther"]
[SourceDate "2005.04.04"]

1. e4 c5 2. Nf3 d6 3. d4 cxd4 4. Nxd4 Nf6 5. Nc3 a6 6. Be2 e5 7. Nb3 Be7 8. O-O
O-O 9. Be3 Be6 10. Qd2 Nbd7 11. a4 Qc7 12. a5 Rac8 13. Rfc1 Qc6 14. Bf3 Qc7 15.
Nd5 Bxd5 16. exd5 Qc4 17. Qd3 Qxd3 18. cxd3 Rfd8 19. g3 h6 20. h4 Ne8 21. Nd2
f5 22. Nc4 Nef6 23. Nb6 Nxb6 24. Bxb6 Re8 25. Bg2 Kf7 26. b4 Nd7 27. Be3 Bf6
28. Rab1 Ke7 29. Rc4 Nf8 30. h5 Kd7 31. Bh3 Rxc4 32. Bxf5+ Kc7 33. dxc4 Kb8 34.
c5 Rd8 35. c6 bxc6 36. dxc6 d5 37. Bb6 Re8 38. c7+ Kb7 39. b5 axb5 40. Rxb5 Ne6
41. Bxe6 Rxe6 42. Rxd5 Re8 43. Rd8 1-0

[Event "3rd ch-GER Internet Blitz Candidates"]
[Site "playchess INT"]
[Date "2005.04.02"]
[Round "2"]
[White "Lentrodt, T."]
[Black "Wornath, K."]
[Result "1/2-1/2"]
[WhiteElo "2292"]
[BlackElo "2388"]
[PlyCount "109"]
[EventDate "2005.04.02"]
[EventType "swiss (blitz)"]
[EventRounds "15"]
[Source "Mark Crowther"]
[SourceDate "2005.04.04"]

1. d4 b6 2. c4 Bb7 3. Nc3 e6 4. Nf3 Nf6 5. Bg5 Bb4 6. Qb3 Bxc3+ 7. Qxc3 h6 8.
Bh4 d6 9. e3 Nbd7 10. Be2 O-O 11. O-O Re8 12. Rfd1 e5 13. dxe5 Nxe5 14. Nxe5
Rxe5 15. Qxe5 dxe5 16. Rxd8+ Rxd8 17. Rd1 Rxd1+ 18. Bxd1 Kf8 19. Bg3 Nd7 20.
Bg4 Nf6 21. Bh3 g5 22. Bxe5 g4 23. Bxf6 gxh3 24. gxh3 Bf3 25. Be5 c6 26. h4 Ke7
27. h5 Kf8 28. Bf4 Kg7 29. h4 Bxh5 30. Kh2 Be2 31. b3 h5 32. Kg3 Kf6 33. Bb8 a6
34. Ba7 b5 35. cxb5 cxb5 36. Kf4 Ke6 37. a4 Bd1 38. axb5 axb5 39. b4 Be2 40.
Kg5 Bf3 41. Bd4 Be2 42. Bb2 Bf3 43. Ba1 Be2 44. f4 f5 45. Kg6 Bg4 46. Bc3 Kd5
47. Bd4 Kc4 48. Bc5 Kd5 49. Kf6 Bh3 50. Kg5 Bg4 51. Bd4 Kc4 52. Bc5 Kd5 53. Kf6
Bh3 54. Bf8 Bg4 55. Bc5 1/2-1/2

[Event "3rd ch-GER Internet Blitz Candidates"]
[Site "playchess INT"]
[Date "2005.04.02"]
[Round "2"]
[White "Fridman, D2."]
[Black "Haba, P."]
[Result "1-0"]
[WhiteElo "2569"]
[BlackElo "2525"]
[PlyCount "67"]
[EventDate "2005.04.02"]
[EventType "swiss (blitz)"]
[EventRounds "15"]
[Source "Mark Crowther"]
[SourceDate "2005.04.04"]

1. d4 e6 2. Nf3 Nf6 3. g3 c5 4. Bg2 Nc6 5. O-O cxd4 6. Nxd4 d5 7. c4 Be7 8. Nc3
O-O 9. cxd5 exd5 10. Bf4 Bg4 11. h3 Bh5 12. Nf5 d4 13. Bxc6 bxc6 14. Qxd4 Qxd4
15. Nxd4 Rac8 16. Nf5 Rfe8 17. Bd6 Bd8 18. Bc5 Re5 19. Nd6 Ra8 20. b4 h6 21. g4
Bg6 22. f4 Re7 23. e4 Nd7 24. Bf2 Bc7 25. Rad1 f6 26. b5 Bxd6 27. Rxd6 cxb5 28.
Nd5 Rf7 29. e5 Nf8 30. f5 Bh7 31. e6 Rb7 32. Rc1 a5 33. e7 Nd7 34. Rc7 1-0